[Event "Oberfranken-ch Q 0607"]
[Site "Schney"]
[Date "2007.01.03"]
[Round "5"]
[White "Rossmeier, Patrick"]
[Black "Kueffner, Christian"]
[Result "1-0"]
[WhiteElo "1688"]
[BlackElo "1675"]
[PlyCount "119"]
[EventDate "2007.01.02"]
[EventType "swiss"]
[EventRounds "6"]
[EventCountry "GER"]
[SourceTitle "EXT 2015"]
[Source "ChessBase"]
[SourceDate "2014.11.20"]
[SourceVersion "1"]
[SourceVersionDate "2014.11.20"]
[SourceQuality "1"]

1. d4 b5 2. Nf3 Bb7 3. e3 a6 4. Be2 e6 5. 0-0 f5 6. c4 b4 7. a3 Nf6 8. Bd2 bxa3 9. bxa3 Nc6 10. Nc3 Be7 11. Qc2 0-0 12. Rfb1 Rb8 13. Qa4 Qe8 14. c5 Qg6 15. Bxa6 Bxa6 16. Qxa6 Ne4 17. Rxb8 Rxb8 18. Rb1 Rxb1+ 19. Nxb1 Qe8 20. Qb7 Nxd2 21. Nbxd2 Qb8 22. Qxb8+ Nxb8 23. Nc4 Kf8 24. a4 Ke8 25. Nfe5 d6 26. cxd6 cxd6 27. Nd3 Kd7 28. Kf1 Kc6 29. Ke2 g5 30. Kd2 h5 31. Kc3 Na6 32. Nd2 Kb6 33. f4 g4 34. Nc4+ Kc6 35. Na5+ Kb6 36. Nb3 h4 37. Kc4 d5+ 38. Kc3 h3 39. gxh3 gxh3 40. Nbc5 Nc7 41. Nf2 Ka5 42. Nxh3 Bh4 43. Ng5 Be1+ 44. Kd3 Bh4 45. Ngxe6 Nxe6 46. Nxe6 Kxa4 47. Nc7 Ka5 48. Nxd5 Kb5 49. Nc7+ Kc6 50. Ne6 Kd5 51. Ng7 Bf6 52. Nxf5 Ke6 53. Ke4 Bd8 54. h4 Bf6 55. h5 Bh8 56. d5+ Kd7 57. h6 Bf6 58. Ng7 Ke7 59. Kf5 Kf7 60. d6 1-0